Statistics for Biggest Cities in each Spanish Region - Extreme

Click here to take the quiz!

General Stats

  • This quiz has been taken 220 times
  • The average score is 28 of 51

Answer Stats

RegionPopulationCity% Correct
Catalonia1,636,762Barcelona
98%
Basque Country350,184Bilbao
97%
Andalusia689,434Seville
97%
Madrid3,266,126Madrid
94%
Andalusia569,002Málaga
94%
Balearic Islands409,661Palma de Mallorca
93%
Aragon674,997Zaragoza
93%
Valencia794,288Valencia
89%
Andalusia325,916Córdoba
87%
Canary Islands379,925Las Palmas
83%
Galicia245,711A Coruña
80%
Murcia453,258Murcia
78%
Galicia295,364Vigo
76%
Navarre209,672Pamplona
75%
Basque Country188,240San Sebastián
74%
Castile and León298,866Valladolid
74%
Valencia334,887Alicante
72%
Asturias271,717Gijón
71%
Cantabria171,951Santander
68%
Asturias219,910Oviedo
67%
Castilla-La Mancha85,881Toledo
67%
Balearic Islands49,727Ibiza
66%
Castile and León143,978Salamanca
61%
Catalonia264,923L'Hospitalet
de Llobregat
60%
Basque Country253,996Vitoria
60%
Canary Islands207,312Santa Cruz
57%
Extremedura151,565Badajoz
56%
Castile and León175,921Burgos
51%
Valencia232,517Elche
51%
Extremedura57,797Mérida
46%
Murcia214,802Cartagena
44%
La Rioja151,113Logroño
43%
Aragon53,132Huesca
42%
Galicia105,233Ourense
41%
Castilla-La Mancha174,346Albacete
40%
Extremedura95,026Cáceres
39%
Aragon35,890Teruel
35%
Castilla-La Mancha87,484Guadalajara
34%
Asturias77,791Avilés
28%
Catalonia220,556Terrassa
28%
Canary Islands157,503San Cristóbal de
La Laguna
26%
Madrid195,649Alcalá de Henares
23%
Madrid209,184Móstoles
23%
Cantabria52,034Torrelavega
23%
Murcia94,404Lorca
22%
Navarre36,528Tudela
17%
Balearic Islands49,333Calviá
16%
Cantabria31,817Castro Urdiales
16%
La Rioja23,923Calahorra
13%
La Rioja14,815Arnedo
9%
Navarre21,128Valle de Egüés
5%

Score Distribution

Percentile by Number Answered

Percent of People with Each Score

Your Score History

You have not taken this quiz